Detalles MARC
| 000 -Cabecera |
| Campo de control de longitud fija |
01535aam a2200613 4500 |
| 005 - Fecha y hora de la última transacción |
| Campo de control |
20260506163804.0 |
| 008 - Elementos de longitud fija--Información general |
| Campo de control de longitud fija |
150408b2012 xxu||||| |||| 00| 0 spa d |
| 020 ## - International Standard Book Number |
| Número Internacional Estándar del Libro (ISBN) |
9788499641324 |
| 041 ## - Idioma |
| Código de idioma |
Español |
| 082 ## - Clasificación Decimal Dewey |
| Número de clasificación |
651.3 M891ma |
| 100 ## - Entrada principal--Autor personal |
| Nombre personal |
Raúl Morueco Gómez |
| 245 ## - Título propiamente dicho |
| Título |
Manual práctico de gestión y secretariado |
| 260 ## - Pie de imprenta |
| Lugar de publicación, distribución, etc. |
España |
| 260 ## - Pie de imprenta |
| Nombre del editor, distribuidor, etc. |
RA-MA |
| 260 ## - Pie de imprenta |
| Fecha de publicación, distribución, etc. |
2012 |
| 300 ## - Descripción física |
| Extensión |
348 páginas |
| 490 ## - Serie |
| Título de la Serie |
Secretariado Ejecutivo |
| 650 ## - Materia general |
| Temática (materia general) |
MANEJO DE LA OFICINA |
| 650 ## - Materia general |
| Temática (materia general) |
SECRETARIADO EJECUTIVO |
| 650 ## - Materia general |
| Temática (materia general) |
PROFESIONAL DEL SECRETARIADO |
| 650 ## - Materia general |
| Temática (materia general) |
ADMINISTRACIÓN DE EMPRESAS |
| 650 ## - Materia general |
| Temática (materia general) |
ECONOMÍA |
| 650 ## - Materia general |
| Temática (materia general) |
FUNCIONES DE LA SECRETARIA |
| 650 ## - Materia general |
| Temática (materia general) |
ORGANIZACIÓN DEL TRABAJO |
| 650 ## - Materia general |
| Temática (materia general) |
ACTA |
| 650 ## - Materia general |
| Temática (materia general) |
CIRCULAR |
| 650 ## - Materia general |
| Temática (materia general) |
COMUNICACIÓN |
| 650 ## - Materia general |
| Temática (materia general) |
MEMORANDO |
| 650 ## - Materia general |
| Temática (materia general) |
INFORMES |
| 650 ## - Materia general |
| Temática (materia general) |
CARTAS |
| 650 ## - Materia general |
| Temática (materia general) |
DOCUMENTOS OFICIALES |
| 650 ## - Materia general |
| Temática (materia general) |
CERTIFICADOS |
| 650 ## - Materia general |
| Temática (materia general) |
ARCHIVO |
| 650 ## - Materia general |
| Temática (materia general) |
DOCUMENTOS MERCANTILES |
| 650 ## - Materia general |
| Temática (materia general) |
FACTURAS |
| 650 ## - Materia general |
| Temática (materia general) |
RECIBO |
| 650 ## - Materia general |
| Temática (materia general) |
CHEQUE |
| 650 ## - Materia general |
| Temática (materia general) |
EVENTOS ESPECIALES |
| 650 ## - Materia general |
| Temática (materia general) |
CONFERENCIA |
| 650 ## - Materia general |
| Temática (materia general) |
COLOQUIO |
| 650 ## - Materia general |
| Temática (materia general) |
CONGRESO |
| 650 ## - Materia general |
| Temática (materia general) |
SIMPOSIO |
| 650 ## - Materia general |
| Temática (materia general) |
SEMINARIOS |
| 650 ## - Materia general |
| Temática (materia general) |
EVENTOS CORPORATIVOS |
| 650 ## - Materia general |
| Temática (materia general) |
ATENCIÓN DE CLIENTES |
| 650 ## - Materia general |
| Temática (materia general) |
GESTIÓN DE QUEJAS |
| 650 ## - Materia general |
| Temática (materia general) |
MEDIOS ELECTRÓNICOS |
| 650 ## - Materia general |
| Temática (materia general) |
FAX |
| 650 ## - Materia general |
| Temática (materia general) |
REDES |
| 650 ## - Materia general |
| Temática (materia general) |
WI-FI |
| 650 ## - Materia general |
| Temática (materia general) |
CORREO ELECTRÓNICO |
| 650 ## - Materia general |
| Temática (materia general) |
NETIQUETA |
| 942 ## - Punto de acceso adicional KOHA |
| Tipo de ítem KOHA |
Libro |
| Fuente del sistema de clasificación o colocación |
Dewey Decimal Classification |